Finaliści Klubowych Mistrzostw Świata - Statystyki

Ogólne statystyki
  • Ten quiz został rozwiązany 184 razy
  • Średni wynik to 20 z 32
Statystyki odpowiedzi
Kraj Klub Rok % Poprawnych
Hiszpania Barcelona 2009
98%
Hiszpania Barcelona 2011
98%
Hiszpania Barcelona 2015
98%
Hiszpania Barcelona 2006
98%
Hiszpania Real Madryt 2014
98%
Hiszpania Real Madryt 2016
98%
Hiszpania Real Madryt 2017
98%
Hiszpania Real Madryt 2018
98%
Niemcy Bayern Monachium 2013
96%
Włochy AC Milan 2007
93%
Anglia Liverpool 2019
93%
Anglia Liverpool 2005
93%
Anglia Manchester United 2008
92%
Anglia Chelsea 2012
87%
Włochy Inter Mediolan 2010
83%
Argentyna Boca Juniors 2007
68%
Brazylia Santos 2011
63%
Brazylia Flamengo 2019
62%
Argentyna River Plate 2015
62%
Brazylia São Paulo 2005
54%
Brazylia Corinthians 2000
49%
Brazylia Corinthians 2012
49%
Brazylia Grêmio 2017
37%
Maroko Raja Casablanca 2013
18%
Brazylia Internacional 2006
17%
Japonia Kashima Antlers 2016
15%
Brazylia Vasco da Gama 2000
15%
Argentyna San Lorenzo 2014
14%
Demokratyczna Republika Konga TP Mazembe 2010
14%
Zjednoczone Emiraty Arabskie Al-Ain 2018
13%
Argentyna Estudiantes de La Plata 2009
10%
Ekwador LDU Quito 2008
10%
Nie znaleziono quizów pasujących do podanych kryteriów
Rozkład punktacji
Procent ludzi z każdym wynikiem
Percentyl według liczby udzielonych odpowiedzi
Twoja historia wyników
Nie rozwiązałeś tego quizu